[Event "Goch op 27th"]
[Site "Goch"]
[Date "2016.09.03"]
[Round "5"]
[White "De Louw, Peter"]
[Black "Beckmann, Arne"]
[Result "1-0"]
[WhiteElo "1790"]
[BlackElo "1915"]
[PlyCount "69"]
[EventDate "2016.09.01"]
[EventType "swiss"]
[EventRounds "7"]
[EventCountry "GER"]
[SourceTitle "EXT 2018"]
[Source "ChessBase"]
[SourceDate "2017.10.13"]
[SourceVersion "1"]
[SourceVersionDate "2017.10.13"]
[SourceQuality "1"]

1. e4 e5 2. Nf3 Nc6 3. Bb5 a6 4. Ba4 Bc5 5. 0-0 d6 6. Bxc6+ bxc6 7. d4 exd4 8. Nxd4 Bd7 9. Nc3 Ne7 10. Be3 0-0 11. a3 a5 12. Qd2 Bb6 13. f4 f5 14. e5 Bxd4 15. Bxd4 Be6 16. Qf2 c5 17. Be3 Nd5 18. Nxd5 Bxd5 19. Rfd1 c6 20. exd6 c4 21. Bc5 Rf6 22. Re1 Rg6 23. g3 Be4 24. Qd4 Qh4 25. Qxc4+ Bd5 26. Qc3 Qxf4 27. Qe3 Qc4 28. c3 Be4 29. Rad1 Qe6 30. d7 Rd8 31. Qd4 h5 32. Bb6 Qe7 33. Bxd8 Qxd8 34. Qe5 Kf7 35. Rd6 1-0